UBT Library

Our inquiry, our practice : (Record no. 40677)

000 -LEADER
fixed length control field 00998cam a2200277 a 4500
001 - CONTROL NUMBER
control field 17073161
005 - DATE AND TIME OF LATEST TRANSACTION
control field 20180122081716.0
008 - FIXED-LENGTH DATA ELEMENTS--GENERAL INFORMATION
fixed length control field 111206s2012 dcua b 000 0 eng d
010 ## - LIBRARY OF CONGRESS CONTROL NUMBER
LC control number 2011944906
016 7# - NATIONAL BIBLIOGRAPHIC AGENCY CONTROL NUMBER
Record control number 016055808
Source Uk
020 ## - INTERNATIONAL STANDARD BOOK NUMBER
International Standard Book Number 1928896782
020 ## - INTERNATIONAL STANDARD BOOK NUMBER
International Standard Book Number 9781928896784
035 ## - SYSTEM CONTROL NUMBER
System control number (OCoLC)ocn778792729
040 ## - CATALOGING SOURCE
Original cataloging agency ZCK
Transcribing agency ZCK
Modifying agency YDXCP
-- BWX
-- KUT
-- AU@
-- MHW
-- GPM
-- UKMGB
-- TXI
-- DLC
041 ## - LANGUAGE CODE
Language code of text/sound track or separate title eng
042 ## - AUTHENTICATION CODE
Authentication code lccopycat
080 ## - UNIVERSAL DECIMAL CLASSIFICATION NUMBER
Universal Decimal Classification number 372.21072 PER
082 04 - DEWEY DECIMAL CLASSIFICATION NUMBER
Classification number 372.21072 PER
Edition number 22
100 1# - Rafti
Rafti 47
101 ## - Shkurtesa
Shkurtesa EDU
245 10 - TITLE STATEMENT
Title Our inquiry, our practice :
Statement of responsibility, etc Gail Perry, Barbara Henderson, and Daniel R. Meier, editors.
504 ## - BIBLIOGRAPHY, ETC. NOTE
Bibliography, etc Includes bibliographical references (p. 203-207).
906 ## - LOCAL DATA ELEMENT F, LDF (RLIN)
a 7
b cbc
c copycat
d 2
e ncip
f 20
g y-gencatlg
942 ## - ADDED ENTRY ELEMENTS (KOHA)
Source of classification or shelving scheme
Item type Books
Holdings
Withdrawn status Lost status Source of classification or shelving scheme Damaged status Not for loan Collection code Permanent location Current location Shelving location Date acquired Total Checkouts Full call number Barcode Date last seen Price effective from Koha item type
          Koleksioni i përgjithshem UBT - Lipjan UBT - Lipjan Koleksioni i përgjithshem 01/22/2018   372.21072 PER 002-2996114 01/22/2018 01/22/2018 Books
UBT Library © 2015-2024. All rights reserved University Education for Business and Technology